Statistiche per Paesi che confinano con la Germania

Clicka qui per fare il quiz!

Statistiche generali

  • Questo quiz è stato fatto 4.799 volte
  • Il punteggio medio è 9 su 9

Statistiche sulle risposte

LunghezzaPaese% Corretto
784 kmAustria
98%
451 kmFrancia
98%
456 kmPolonia
97%
334 kmSvizzera
96%
167 kmBelgio
95%
577 kmPaesi Bassi
95%
68 kmDanimarca
92%
138 kmLussemburgo
92%
815 kmRepubblica Ceca
91%

Distribuzione punteggi

Percentile per numero di risposta

Percentuale di utenti per punteggio

I tuoi punteggi nel tempo

Non hai fatto questo quiz